Cuentos de la edad media / (Registro nro. 15421)

Detalles MARC
000 -CABECERA
campo de control de longitud fija 00994nam a2200301 a 4500
001 - NÚMERO DE CONTROL
campo de control 000046734
003 - IDENTIFICADOR DEL NÚMERO DE CONTROL
campo de control DO-SdBPM
005 - FECHA Y HORA DE LA ÚLTIMA TRANSACCIÓN
campo de control 20250922131905.0
008 - DATOS DE LONGITUD FIJA--INFORMACIÓN GENERAL
campo de control de longitud fija 180321s2011 sp a r 000 j spa d
020 ## - NÚMERO INTERNACIONAL ESTÁNDAR DEL LIBRO
Número Internacional Estándar del Libro 9788483692103 (o.c)
040 ## - FUENTE DE LA CATALOGACIÓN
Centro catalogador/agencia de origen DO-SdBNP
Lengua de catalogación spa
Centro/agencia transcriptor BPMSU
Normas de descripción rda
Centro/agencia modificador rda
082 #4 - NÚMERO DE LA CLASIFICACIÓN DECIMAL DEWEY
Número de clasificación 808.83
Número de documento/Ítem C965e 1986
Número de edición 22
245 00 - MENCIÓN DE TÍTULO
Título Cuentos de la edad media /
Mención de responsabilidad, etc. introducción, notas y selección de María Jesús Lacarra.
Resto del título
264 ## - PRODUCCIÓN, PUBLICACIÓN, DISTRIBUCIÓN, FABRICACIÓN Y COPYRIGHT
Producción, publicación, distribución, fabricación y copyright Madrid :
Nombre del de productor, editor, distribuidor, fabricante Editorial Castalia,
Fecha de producción, publicación, distribución, fabricación o copyright 1986.
300 ## - DESCRIPCIÓN FÍSICA
Extensión 361 páginas :
Otras características físicas ilustraciones ;
Dimensiones 19 cm.
306 ## - TIEMPO DE REPRODUCCIÓN/DURACIÓN
Tiempo de reproducción/duración
336 ## - TIPO DE CONTENIDO
Término de tipo de contenido texto
Código de tipo de contenido txt
Fuente rdacontent
337 ## - TIPO DE MEDIO
Nombre/término del tipo de medio sin mediación
Fuente rdamedia
Código del tipo de medio n
338 ## - TIPO DE SOPORTE
Nombre/término del tipo de soporte volumen
Código del tipo de soporte nc
Fuente rdacarrier
490 0# - MENCIÓN DE SERIE
Mención de serie Odres nuevos
504 ## - NOTA DE BIBLIOGRAFÍA, ETC.
Nota de bibliografía, etc. Incluye bibliografía
590 ## - NOTA LOCAL (RLIN)
Nota local Inventariado, 2025/VM
650 #4 - PUNTO DE ACCESO ADICIONAL DE MATERIA--TÉRMINO DE MATERIA
Término de materia o nombre geográfico como elemento de entrada Cuentos infantiles
Subdivisión de forma Colecciones de escritos
Subdivisión geográfica
650 #4 - PUNTO DE ACCESO ADICIONAL DE MATERIA--TÉRMINO DE MATERIA
Término de materia o nombre geográfico como elemento de entrada Cuentos
Subdivisión general Enseñanza.
700 1# - PUNTO DE ACCESO ADICIONAL--NOMBRE DE PERSONA
Nombre de persona Lacarra, María Jesús,
Fechas asociadas al nombre 1953-
910 ## - DATOS DE OPCIÓN DEL USUARIO (OCLC)
Datos de opción del usuario VMateo V. Control de calidad BPMSU
942 ## - ELEMENTOS DE PUNTO DE ACCESO ADICIONAL (KOHA)
Fuente del sistema de clasificación o colocación Dewey Decimal Classification
Tipo de ítem Koha Libros
Existencias
Estado de retiro Estado de pérdida Fuente del sistema de clasificación o colocación No para préstamo Código de colección Localización permanente Ubicación/localización actual Fecha de adquisición Total de préstamos Signatura topográfica completa Código de barras Fecha visto por última vez Precio válido a partir de Tipo de ítem Koha
    Dewey Decimal Classification   Colección Dominicana Biblioteca Pública Metropolitana Salomé Ureña Biblioteca Pública Metropolitana Salomé Ureña 09/22/2025   BPMSU CG 808.83 C965e 1986 BPMSU25090125 09/22/2025 09/22/2025 Libros